000 00874nam a22002417a 4500
008 090205t xxu||||| |||| 00| 0 eng d
010 _aENG-92867
020 _c120.00
_a9788190769020
035 _aEN-76400
037 _bDBAD / PUB
040 _adpl
_bEnglish
082 _a363.7
100 _aDurgadevi, C.
245 _aEnvironmental issues and problems /
_cby C. Durgadevi
260 _aChennai
_bToday Publication
_c2008
300 _a113p.
_c29cm (pbk)
500 _aIncludes references
650 _aEnvironmental policy
_zIndia.
650 _aEnvironmental protection
_zIndia.
650 _aEnvironmental education
_zIndia.
942 _2ddc
_cEN
_mDUR
_h363.7
999 _c23088
_d23088